000 00349nam a22001457a 4500
003 OSt
005 20211223113949.0
008 211223b |||||||| |||| 00| 0 eng d
024 _2139780072967753
040 _cHU
082 _24th
_a004.6 FOR2007
100 _aForouzan
_924611
245 _aData Communication & Networking
942 _2ddc
_cBOOKS
_n0
999 _c23715
_d23715